000
00274nam a2200109Ia 4500
008
200302s9999 xx 000 0 und d
100
_a
Christopher Benninger
245
_a
Leters to A Young Architect
260
_b
India House art Gallery
260
_c
2011
300
_a
317 P.,
999
_c
5865
_d
5865